Vývoj ekonomického myšlení

Salvato in:
Dettagli Bibliografici
Autore principale: Holman, Robert
Natura: Libro
Lingua:ceco
Pubblicazione: Praha Liberální institut 1994
Edizione:1. vyd.
Soggetti:
Tags: Aggiungi Tag
Nessun Tag, puoi essere il primo ad aggiungerne!!

MARC

LEADER 00000nam a2200000 4500
001 c010921
005 20221214075529.4
020 |a 80-85787-55-5 
041 0 |a cze 
044 |a CZ 
245 1 0 |a Vývoj ekonomického myšlení  |c Robert Holman 
250 |a 1. vyd. 
264 1 |a Praha  |b Liberální institut  |c 1994 
300 |a 56 s. 
610 2 0 |a myslenie ekonomické 
610 2 0 |a teórie ekonomické 
610 2 0 |a dejiny myslenia ekonomického 
100 1 |a Holman, Robert